| 000 | 01409nam a2200397 i 4500 | ||
|---|---|---|---|
| 001 | 14374 | ||
| 003 | KOSZ 005 | ||
| 005 | 20190925125603.0 | ||
| 008 | 080821s1966 pl a f 000 0 pol | ||
| 015 | _aPB 1966/3329 | ||
| 035 | _a991038908409705066 | ||
| 035 | _a(PL-WaBN)b20412150-48omnis_nlop | ||
| 035 | _ab20412150 | ||
| 035 | _a(OCoLC)831228287 | ||
| 035 | _a(PL)b0000002041215 | ||
| 035 | _a(EXLNZ-48OMNIS_NETWORK)9910096679205606 | ||
| 040 |
_aWA N _cWA N _dKOSZ 005/RW |
||
| 046 | _k1966 | ||
| 080 | _a511:513:681 | ||
| 100 | 1 |
_aZacharski, Stanisław _d(1928-1969). _eAutor |
|
| 245 | 1 | 0 |
_aKody binarne maszyn cyfrowych : _brozpoznawanie postaci / _cStanisław Zacharski ; Centrum Obliczeniowe Polskiej Akademii Nauk. |
| 260 |
_aWarszawa : _bPaństwowe Wydawnictwo Naukowe, _c1966. |
||
| 300 |
_a20 stron : _bilustracje ; _c24 cm. |
||
| 336 |
_aTekst _btxt _2rdacontent |
||
| 337 |
_aBez urządzenia pośredniczącego _bn _2rdamedia |
||
| 338 |
_aWolumin _bnc _2rdacarrier |
||
| 380 | _aKsiążki | ||
| 388 | _a1901-2000 | ||
| 504 | _aBibliografia przy rozdziałach. | ||
| 658 | _aInformatyka i technologie informacyjne | ||
| 650 | 7 | _aKomputery | |
| 710 | 2 |
_aPaństwowe Wydawnictwo Naukowe _4pbl. |
|
| 856 |
_uhttp://koha.tu.koszalin.pl/cgi-bin/koha/opac-detail.pl?biblionumber=14374 _yKatalog online BPK |
||
| 942 |
_2UKD _cKS |
||
| 999 |
_c14374 _d14374 |
||